|
|
|
|
| LEADER |
00000nab a2200000 ar4500 |
| 001 |
vtls009167490 |
| 003 |
SK-MaSNL |
| 005 |
20260319074151.0 |
| 008 |
070528c20070528xo |||||||| 000 b|hun |
| 015 |
|
|
|a SNBRB2007/05
|2 snkbucl
|
| 038 |
|
|
|a SNKBUCL
|
| 040 |
|
|
|a DSZK
|b slo
|c DSZK
|e AACR2
|
| 041 |
0 |
|
|a hun
|
| 044 |
|
|
|a xo
|c SK
|
| 080 |
|
|
|a 398.332.16:394.2
|x (437.6)
|2 1997
|
| 080 |
|
|
|a 394.2
|x (437.6)
|2 1997
|
| 100 |
1 |
|
|a Krasznica, Melitta V.
|4 aut
|9 844987
|
| 245 |
1 |
0 |
|a Nívós műsor, kevés érdeklődő
|b hiába a sok kiváló program, ha nincs elegendő pénz a rendezvény szélesebb körű propagálására
|c V. Krasznica Melitta
|
| 300 |
|
|
|b Fotogr.
|
| 611 |
2 |
7 |
|a Turíčny ľudovoumelecký festival
|n (12. :
|d 2007 :
|c Martovce, Slovensko)
|2 snkbucl
|9 102612
|
| 648 |
|
7 |
|a 2007
|2 snkbucl
|9 313226
|
| 648 |
|
7 |
|a 25.-27.5.2007
|2 snkbucl
|9 1032061
|
| 651 |
|
7 |
|a Martovce (Slovensko)
|2 snkbucl
|9 67777
|
| 773 |
0 |
|
|t Új szó
|g Évf. 60, sz. 121 (28.5.2007), o. 3
|
| 852 |
|
|
|a SNK
|b KIS3GCP
|
| 852 |
|
|
|a DSZK
|b KIS3GCP
|
| 958 |
|
|
|a HU
|
| 958 |
|
|
|a SK
|
| 999 |
|
|
|c 1698722
|d 1700652
|